LEADER 02836nam 22005653a 450 001 9910346794503321 005 20250204001104.0 024 8 $ahttps://doi.org/10.7476/9788575114995 035 $a(CKB)4920000000095643 035 $a(oapen)https://directory.doabooks.org/handle/20.500.12854/46918 035 $a(ScCtBLL)3b510737-2831-45b3-8dd2-3e9664a98684 035 $a(oapen)doab46918 035 $a(EXLCZ)994920000000095643 100 $a20250204i20182020 uu 101 0 $apor 135 $aurmn|---annan 181 $ctxt$2rdacontent 182 $cc$2rdamedia 183 $acr$2rdacarrier 200 00$aEstudos territoriais no Brasil e na Costa Rica$fGlaucio José Marafon, Lilliam Quirós Arias 210 $cSciELO Books - EDUERJ$d2018 210 1$a[s.l.] :$cEditora da Universidade do Estado do Rio de Janeiro,$d2018. 215 $a1 online resource (1 p.) 311 08$a9788575114735 311 08$a8575114735 311 08$a9788575114995 311 08$a8575114999 330 $aA obra propõe um viés geográfico, em seu espectro mais amplo, sobre as realidades de Brasil e Costa Rica. Fruto de convênio entre o Instituto de Geografia da UERJ e a Escola de Ciências Geográficas da Universidade Nacional da Costa Rica, reúne artigos de pesquisadores de ambas instituições. A primeira parte, dedicada ao território brasileiro, trata de temas como o pensamento de Milton Santos, as reservas particulares de patrimônio natural, os biocombustíveis, o turismo rural e aquele desenvolvido na cidade do Rio, assim como das especificidades sociais, culturais e territoriais que caracterizam o cidadão carioca. A segunda parte, com enfoque no território da Costa Rica, alude a conteúdos como política pública e moradia, as propostas de incentivo ao turismo rural comunitário, as características inerentes à juventude em Costa Rica, e questões acerca das políticas de ordenamento e do zoneamento urbano. O livro também oferece uma análise sobre as publicações acadêmicas produzidas na América Latina em relação ao desenvolvimento urbano. 606 $aRural-urban relations$zBrazil 606 $aRural-urban relations$zCosta Rica 606 $aRural tourism$zBrazil 606 $aRegionalism$zBrazil 606 $aRegionalism$zCosta Rica 606 $aGeography$zBrazil 606 $aGeography$zCosta Rica 615 0$aRural-urban relations 615 0$aRural-urban relations 615 0$aRural tourism 615 0$aRegionalism 615 0$aRegionalism 615 0$aGeography 615 0$aGeography 702 $aMarafon$b Glaucio José 702 $aArias$b Lilliam Quirós 801 0$bScCtBLL 801 1$bScCtBLL 906 $aBOOK 912 $a9910346794503321 996 $aEstudos territoriais no Brasil e na Costa Rica$93023030 997 $aUNINA